[Event "FIDE-Wch k.o."]
[Site "Groningen"]
[Date "1997.12.09"]
[Round "1.1"]
[White "Hjartarson, Johann"]
[Black "Sulskis, Sarunas"]
[Result "1/2-1/2"]
[WhiteElo "2605"]
[BlackElo "2510"]
[Annotator "Hjartarson,J"]
[PlyCount "69"]
[EventDate "1997.12.09"]
[EventType "k.o."]
[EventRounds "7"]
[EventCountry "NED"]
[SourceTitle "CBM 063"]
[Source "ChessBase"]
[SourceDate "1998.03.26"]
[SourceVersion "1"]
[SourceVersionDate "1998.03.26"]
[SourceQuality "1"]

1. c4 {Tsesarsky Hecht} Nf6 2. Nc3 e6 3. Nf3 d5 4. d4 Be7 5. Bg5 O-O 6. e3 Nbd7
7. cxd5 exd5 8. Qc2 Re8 9. Bd3 c6 10. O-O-O a5 (10... b5 {Tsesarsky} 11. Kb1 (
11. Bxf6 Nxf6 12. Ne5 Qb6 13. g4 g6 14. f3 Bd6 15. Rhe1 $132 (15. Nxg6 $4 hxg6
$19 (15... Rxe3 16. g5 Rxd3 17. Qxd3 hxg6 18. gxf6 Bf4+ $17 {0-1 Held,M-Bauer,
S/Cattolica op 1989 (29)}))) 11... a5 (11... h6 12. Bf4 b4 13. Na4 Bb7 14. g4
c5 15. Nxc5 $2 (15. g5 $1 hxg5 16. Nxg5 cxd4 17. Bh7+ Kf8 18. Nxf7 Kxf7 19.
Qg6+ Ke6 (19... Kf8 20. Rhg1 $18) 20. exd4 Nb6 $8 21. Qf5+ Kf7 22. Bg6+ Kg8 23.
Qe6+ Kh8 24. Rd3 $18) 15... Nxc5 16. dxc5 Rc8 $14 (16... d4 $4 17. c6 Rc8 18.
Nxd4 $18 {1-0 Mohr S-Schawelka R/Grafelfing-Marbach 1985 (39)})) 12. g4 (12.
Ne2 Bb7 13. Ne5 Nxe5 (13... Rc8 14. Nxd7 Nxd7 15. Bxh7+ $18) 14. dxe5 Ng4 15.
Bxe7 Qxe7 16. Bxh7+ Kh8 (16... Kf8 17. e6 fxe6 18. Nf4 $18) 17. e6 Nxf2 18.
exf7 Qxf7 19. Nf4 Nxd1 20. Ng6+ Kxh7 21. Ne5+ g6 22. Nxf7 Nxe3 23. Qf2 $16)
12... Nf8 13. Ne5 Bb7 14. f4 a4 15. Bxf6 Bxf6 16. e4 Bxe5 (16... b4 17. Nxa4
Qa5 18. b3 $16) 17. fxe5 Qa5 18. exd5 b4 19. Ne4 cxd5 (19... b3 20. Qc5 (20.
axb3 axb3 (20... cxd5 21. Nd6 Re7 22. bxa4 Qxa4 23. Qxa4 Rxa4 24. Nf5 $16) 21.
Qxb3 Reb8 22. Kc2 Ba6 (22... cxd5 23. Nc5 Ne6 24. Qc3 Nxc5 25. dxc5 Qa4+ (25...
d4 26. Qxa5 Rxa5 27. b4 Ra2+ 28. Kb3 Rba8 29. Kc4 Bxh1 30. Rxh1 Rb2 31. b5 $16)
26. b3 Qxg4 27. Rhg1 Qe6 $17) 23. Qc3 Qa4+ 24. b3 Qa2+ 25. Qb2 Bxd3+ 26. Rxd3
cxd5 27. Nc5 Ne6 $132)) 20. Nd6 Re7 21. Qd2 $132 {1-0 Rodriguez Gonzalez,
J-Ortega,R/Havana Panamerican 1966 (43)}) (10... g6 {Tsesarsky} 11. h4 h5 12.
Rhe1 Kg7 13. Kb1 Qa5 14. e4 Nxe4 15. Nxe4 dxe4 16. Rxe4 Qd8 17. Rde1 f6 (17...
Nf6 18. Bxf6+ Kxf6 19. Ng5 Bf5 $8 20. Re5 $18) 18. Qe2 $18 (18. Bc1 Nb6 19. Qd2
(19. R4e2 $16) 19... Bf5 20. Re6 (20. g4 $18) 20... Bxd3+ 21. Qxd3 Nd7 22. Qe3
$18 {1-0 Hsu Li Yang-Hokkanen,P/WchJM-U20 Tunja 1989 (42)})) (10... h6 {
Tsesarsky} 11. Bf4 (11. h4 b5 12. Bxf6 Nxf6 13. Ne5 Qd6 14. Rdg1 Ng4 (14... Rb8
15. g4 $14) 15. Nxc6 $1 $16 {1/2-1/2 Engqvist,T-Sandbom,J/Hogdalen 1988 (46)})
(11. Bxf6 Nxf6 12. Ne5 Ng4 13. Qe2 Nxe5 14. dxe5 Bc5 15. f4 Qh4 16. g3 Qh3 17.
Qf2 f6 $15 {1-0 Falcon,E-Puharr,L/Buenos Aires 1929 (38)}) 11... b5 $4 (11...
Nf8 12. h3 Be6 13. g4 b5 14. Kb1 b4 15. Na4 Ne4 16. Ne5 $16 {1/2-1/2 Baumbach,
F-Atutubo,R/Philadelphia World op 1993 (37)}) (11... b6 $2 12. Nb5 $1 (12. g4
Nxg4 13. Rhg1 Ndf6 (13... Nb8 14. h3 Nf6 15. Bxh6 Nh5 16. Ng5 $16) 14. h3 g5
15. Nxg5 (15. Bg3 Nxe3 16. fxe3 c5 (16... Bxh3 $16) 17. h4 $18 {1-0 Spieser
Florence-Erturan Banu/Ch Europe (cadets) (g) (under 1997 (29)}) 15... hxg5 16.
Bxg5 $18) 12... Nc5 $8 13. Nc7 Nxd3+ 14. Qxd3 Ne4 15. Nxa8 Nxf2 16. Qc2 Nxh1
17. Nc7 Rf8 18. Rxh1 Bb7 19. Qf5 $18) (11... Bf8 12. Rdg1 c5 13. g4 c4 14. Bf5
Nb6 15. g5 Bxf5 16. Qxf5 hxg5 17. Bxg5 (17. Rxg5 $16) 17... Qd7 18. Qf4 (18.
Qc2) 18... Ne4 19. Ne5 (19. Bf6 $4 Nxf2 $1 $19 (19... Nxf6 $4 20. Qxf6 Re6 $132
{0-1 Bornhoft,B-Schierling,E/Landes-Einzelmeister 1991 (45)})) 19... Nxc3 20.
bxc3 Qe6 21. Bf6 $16) 12. Nxb5 {1-0 Junge,R-Andre,W/BL2-N 1991}) (10... Qa5 {
Tsesarsky} 11. Kb1 Nf8 12. h3 Be6 13. Ne5 c5 14. dxc5 Rec8 15. Ng4 $1 $16 (15.
Qa4 Qxc5 16. Rc1 Qd6 17. Nf3 a6 18. Qd4 $14 {0-1 Hager,F-Enigl,K/AUT-chT 1995 
(43)})) (10... Ne4 {Tsesarsky} 11. Bxe4 dxe4 12. Nxe4 Bxg5 13. Nexg5 $16 {
1/2-1/2 De Carbonnel,H-Nielsen,J/corr-5 Wch 1965 (55)}) 11. h3 (11. h4 {
Tsesarsky} a4 12. Ne5 a3 13. b3 Nf8 14. Bxf6 Bxf6 15. f4 Bxe5 16. fxe5 f6 17.
exf6 Qxf6 $1 18. e4 Bg4 $1 (18... dxe4 19. Nxe4 Qxd4 $2 20. Bc4+ $18) 19. Rd2
Ne6 (19... Kh8 20. e5 Qf4 $132) 20. exd5 Nxd4 21. Bxh7+ Kh8 22. Qd3 Ne2+ (22...
Nxb3+ 23. axb3 cxd5 24. Bg6 (24. Nxd5 Qh6 $15) (24. Kb1 Qh6 25. Nxd5 Qxh7 $17)
24... Rac8 25. Rc2 Re6 $15) 23. Nxe2 Bxe2 $17 {0-1 Milenkovic,I-Toth/Cuprija/
SW,16,8 1986 (38)}) (11. Kb1 {Tsesarsky} Nf8 12. h3 b5 13. Ne5 Qb6 14. Nxc6 $18
(14. Rc1 Bb7 15. Ne2 Ne4 16. Bxe7 Rxe7 17. Bxe4 dxe4 18. Ng3 $16 {1-0
Fischdick Gisela-Pihajlic Amalija/It (cat.14) (w), Jajce (Bosnia & Herzeg 1984
(19)})) 11... a4 12. Kb1 (12. Nxa4 Qa5 13. Nc3 Bb4 $44) 12... b5 (12... Nf8 {
Tsesarsky} 13. g4 b5 14. Ne5 Bb7 15. Rc1 (15. f4 N6d7 (15... Qa5 $5 $132) 16.
Bxe7 Qxe7 17. e4 Nxe5 18. fxe5 dxe4 (18... c5 $2 19. Bxb5 Red8 20. Nxd5 Bxd5
21. exd5 cxd4 22. Bc6 $18 {1-0 Stohl,I-Salac,J/CSR-ch 1992 (45)}) 19. Bxe4 a3
20. b3 Rad8 21. Rhe1 $14) 15... Qa5 16. Ne2 Rac8 17. Bf5 Rc7 18. Bf4 $14 {
1-0 Fischdick,G-Koskela,N/Novi Sad olw FRG-FIN 1990 (32)}) 13. g4 g6 (13... h6
{Tsesarsky} 14. Bf4 $14) 14. Rdg1 a3 $2 (14... b4 $2 15. Nxa4 (15. Bxf6 b3 $13)
15... Ne4 16. Bxe7 Qxe7 17. Qxc6 Rxa4 18. Qxa4 Nxf2 19. Qb5 $16) (14... Qa5 15.
Ne2 $14) 15. b3 b4 16. Bxf6 $1 (16. Na4 {Tsesarsky}) (16. Ne2 {Tsesarsky})
16... Nxf6 17. Na4 $16 {xc5,Pc6} Ba6 18. Ne5 $1 (18. Bxa6 {Tsesarsky} Rxa6 19.
Ne5 Bd6 20. Nxc6 Qa8 21. Rc1 Ne4 22. Ne5 Bxe5 23. dxe5 Rxe5 24. Rhf1 $16) 18...
Bxd3 19. Nxd3 Rxa4 $6 (19... Ne4 {Tsesarsky} 20. f3 Ng5 21. Rf1 Ne6 22. h4 $16)
20. bxa4 c5 21. Nxc5 (21. dxc5 $2 {Tsesarsky} Ne4 22. h4 (22. g5 Bxg5 23. h4
Nc3+ 24. Kc1 Bh6 (24... Rxe3 $2 25. hxg5 Re2 26. Qb3 Nxa2+ 27. Kb1 Nc3+ 28. Ka1
Ra2+ (28... Qa5 29. Rh4 Ra2+ 30. Qxa2 Nxa2 31. Kxa2 Qxa4 32. Nxb4 $18) 29. Qxa2
Nxa2 30. Kxa2 Qe7 31. Rg3 $18) 25. Re1 d4 $44) 22... Nc3+ 23. Kc1 (23. Ka1 Bf6
24. g5 Bg7 25. Rg4 Re4 26. Rxe4 dxe4 27. Nf4 Qc7 $17) 23... d4 24. h5 Qd5 25.
Qb3 (25. Nxb4 Qxc5 26. hxg6 hxg6 27. Nd3 Ne2+ 28. Kd1 Qxc2+ 29. Kxc2 Nxg1 30.
Rxg1 dxe3 31. fxe3 Bg5 $44) 25... Qxb3 26. axb3 Ne2+ 27. Kb1 Nxg1 28. Rxg1 dxe3
29. fxe3 Rd8 30. Nxb4 (30. Kc2 Bxc5 31. Nxc5 Rc8 32. Kd3 Rxc5 $17) 30... Bxc5
31. Nc2 Rd2 $132) 21... Bxc5 22. Qxc5 (22. dxc5 {Tsesarsky} Ne4 23. Rd1 Nc3+
24. Ka1 Nxd1 (24... Qf6 25. Rd4 Ne2 26. Qxe2 Qxd4+ 27. exd4 Rxe2 28. Rb1 Rxf2
29. Rxb4 $18) 25. Rxd1 Qf6+ 26. Kb1 Qf3 27. Qd2 Rc8 28. Rc1 Rb8 29. Qc2 (29. c6
b3 30. axb3 Rxb3+ 31. Ka1 Qf6+ 32. Qd4 Qxf2 33. Rb1 Qc2 (33... Rxb1+ 34. Kxb1
a2+ 35. Ka1 Qc2 36. Qb6 Qc3+ 37. Kxa2 Qc2+ 38. Ka3 Qc3+ 39. Qb3 Qc5+ 40. Kb2
Qxc6 41. a5 $16) 34. Rxb3 Qxb3 35. c7 Qc2 36. Qe5 d4 37. Qe8+ Kg7 38. Qb8 Qc3+
39. Ka2 Qd2+ (39... Qc2+ 40. Kxa3 Qc3+ 41. Qb3 Qxc7 42. exd4 Qd6+ 43. Ka2 (43.
Kb2 Qh2+) 43... Qh2+ 44. Qb2 Qxh3 45. d5+ $16) 40. Kxa3 Qxe3+ 41. Kb4 Qc3+ 42.
Kb5 $18) 29... Qxh3 $44) 22... Ne4 23. Qc2 $1 (23. Qxb4 $2 Nxf2 24. Rh2 Qc7 $1
25. Rxf2 Rb8 $11) 23... Qf6 24. Rc1 (24. Rh2 $1 {Tsesarsky} Nc3+ 25. Ka1 Qd6
26. Rhg2 Qa6 27. Rc1 Rc8 28. Qb3 Nxa4 29. Rgg1 Rc4 30. Rxc4 Qxc4 31. Qxc4 dxc4
32. Rb1 $18) 24... Qxf2 25. Qxf2 Nxf2 26. Rhf1 (26. Rh2 $1 {Tsesarsky} Nd3 27.
Rc7 Rxe3 28. Kc2 Nf4 29. Rf2 g5 30. a5 Rxh3 (30... b3+ 31. axb3 a2 32. Rf1 (32.
Kb2 Nd3+ 33. Kxa2 Nxf2 34. a6 Re6 35. a7 Ra6+ 36. Kb1 Kg7 37. b4 Ne4 38. b5
Nc3+ (38... Rxa7 39. Rxa7 Nc3+ 40. Kc2 Nxb5 41. Ra4 Kf6 42. Kd3 Nd6 43. Ra8 Ne4
44. Ke3 Ke6 45. Re8+ Kd7 46. Rxe4 dxe4 47. Kxe4 Ke6 48. d5+ Kd6 49. Kd4 $18)
39. Rxc3 Rxa7 40. b6 Rb7 41. Rc6 Kf8 42. Kc2 Ke7 43. Kc3 Kd7 44. Rh6 Rb8 45.
Kb4 $18) 32... Rxh3 33. a6 Ne6 34. Rb7 Nxd4+ 35. Kb2 Rh2+ 36. Kc3 $18) 31. a6
b3+ 32. axb3 a2 33. Kb2 Rxb3+ 34. Kxa2 $18) 26... Ne4 {[#] Hecht: Taktik! Und
eben dafür eine Medaille.} (26... Nd3 27. Rc7 $18) (26... Nxh3 {Tsesarsky} 27.
a5 Rxe3 28. Rc7 Ng5 29. a6 $18) 27. Kc2 (27. Ka1 $5 $18 {Tsesarsky}) 27... Nc3
28. Kb3 (28. Kd3 $143 {Tsesarsky} Nxa2 29. Rc7 $16) (28. Rce1 $143 {Tsesarsky}
Nxa4 29. Kb3 Nb2 30. Kxb4 Nd3+ 31. Kxa3 Nxe1 32. Rxe1 $16) 28... Rxe3 29. Rce1
$1 (29. Rc2 {Tsesarsky Hecht} Nxa2+ 30. Kxa2 b3+ 31. Kxa3 bxc2+ 32. Kb2 Rd3 {
[%cal Rd3d1]} 33. Kxc2 Ra3 $1 $17 {Türme gehören hinter Freibauern. Deshalb
ist die Hinterstellung richtig und 33...Txd4 34.Ta1! falsch.}) 29... Rxh3 {[#]}
(29... Rd3 30. Re8+ Kg7 31. Re7 Ne4+ 32. Kxb4 Rxd4+ 33. Kxa3 Nd6 34. Rd7 Nc4+
35. Kb3 $18) 30. Re7 $4 (30. Re8+ {Tsesarsky} Kg7 31. Re7 Nxa2+ 32. Kxa2 Rh2+
33. Ka1 b3 34. Rexf7+ Kh6 35. R7f2 $18) (30. Kxb4 $1 {Tsesarsky Hecht} Nxa2+
31. Kc5 {[%cal Ra4a5,Rc5d5,Re1e7]} Rb3 (31... Nc3 32. a5 a2 33. a6 Nb1 34. Rxb1
axb1=Q 35. Rxb1 Ra3 36. Kb6 $18) 32. a5 Nc3 33. a6 a2 34. a7 Ra3 35. Re8+ Kg7
36. a8=Q $18) (30. a5 $1 Ne2+ (30... Nxa2+ 31. Kxa2 Rh2+ 32. Kb3 Rb2+ 33. Ka4
$18) 31. Kxb4 Nxd4 32. a6 $18) 30... Nxa2+ $1 31. Kxa2 Rh2+ 32. Kb1 (32. Kb3 {
Tsesarsky} Rb2#) 32... b3 33. Rb7 (33. Rexf7 Rb2+ 34. Kc1 Rc2+ 35. Kb1 (35. Kd1
a2 36. Rf8+ Kg7 37. R8f7+ Kh6 38. g5+ Kxg5 39. Rg1+ Kh6 40. Rh1+ $11) 35...
Rb2+ $11) 33... Rb2+ 34. Ka1 (34. Kc1 {Tsesarsky Hecht} Rc2+ 35. Kd1 a2 36.
Rxb3 a1=Q+ 37. Kxc2 Qxf1 $19) 34... Ra2+ 35. Kb1 1/2-1/2

[Event "ESP-chT"]
[Site "Ponferrada"]
[Date "1997.??.??"]
[Round "6"]
[White "Illescas Cordoba, Miguel"]
[Black "Nogueiras Santiago, Jesus"]
[Result "1-0"]
[WhiteElo "2585"]
[BlackElo "2535"]
[Annotator "Illescas Cordoba,M"]
[PlyCount "71"]
[EventDate "1997.08.29"]
[EventType "team"]
[EventRounds "9"]
[EventCountry "ESP"]
[SourceTitle "CBM 061"]
[Source "ChessBase"]
[SourceDate "1997.11.23"]
[SourceVersion "1"]
[SourceVersionDate "1997.11.23"]
[SourceQuality "1"]

{[%mdl 1152]} 1. d4 d5 2. c4 c6 3. Nc3 Nf6 4. Nf3 e6 5. Bg5 Nbd7 6. cxd5 exd5
7. e3 Be7 8. Bd3 O-O 9. Qc2 Re8 10. h3 Nf8 11. Bf4 Ne6 12. Bh2 g6 13. O-O-O {
[%cal Yg2g4,Yh3h5]} c5 $5 {[%cal Ya8c8,Gc8c1]} 14. Bb5 {[%cal Gd1d5]} Rf8 $5 (
14... Bd7 15. Bxd7 Qxd7 16. Ne5 $14) 15. Ne5 $6 {'=' Nogueiras.} (15. dxc5 Nxc5
16. Nd4 $14 {[%csl Rd5]}) (15. Be5 cxd4 16. Nxd4 $14) 15... c4 $1 {[%csl Rb5]
'+/=' Nogueiras.} (15... cxd4 16. exd4 Bb4 $10) 16. Qe2 $2 {'=/+' Nogueiras.} (
16. Ba4 $13) 16... Bb4 $1 {[%csl Rb5,Rc3][%cal Yd8a5]} (16... a6 17. Ba4 b5 18.
Nc6 Qd7 19. Nxe7+ Qxe7 20. Bc2 $16) 17. Nxd5 $1 {'-/+' Nogueiras.} Nxd5 18.
Bxc4 $15 Nb6 (18... f6 $15 19. Nd3 Bd6 $1 {[%cal Yd8c7]}) 19. Bb3 Bd6 20. Kb1
Qe7 21. f4 {'-/+' Nogueiras.} Bxe5 {'=' Nogueiras.} (21... f6 $1 $15) 22. fxe5
Bd7 23. d5 $44 Nc5 24. Bc2 Nca4 $6 {[%cal Re7b4] '=/+' Nogueiras.} 25. Rd4 $1
$14 {[%cal Gd4a4,Gd4h4]} Qc5 26. e6 {[%cal Gh2d6] '-/+' Nogueiras.} Bb5 $6 (
26... fxe6 $142) 27. Qg4 $1 $16 {[%csl Rg8][%cal Ye6f7,Yc2g6]} f5 (27... Rac8
28. exf7+ Rxf7 29. Bxg6 $18 {->}) (27... Nxd5 28. exf7+ Rxf7 29. Bxg6 Ndc3+ 30.
Ka1 Rg7 31. Qe6+ Kh8 32. Be5 $18) (27... Nxb2 28. exf7+ Rxf7 29. Bxg6 $18) (
27... Be8 $142 $1 {}) 28. Qd1 {[%cal Ge6e8,Gd5d8]} Nxb2 (28... Rfe8 29. Bb3
Rac8 30. d6 Nc4 31. d7 Naxb2 32. dxe8=Q+ Rxe8 33. Qc1 $18) (28... Rac8 29. d6
Nxb2 30. Kxb2 Qc3+ 31. Kb1 Nc4 32. Rxc4 Bxc4 33. e7 Rf7 34. d7 $18) 29. Kxb2
Nc4+ 30. Rxc4 {'!' Nogueiras.} Bxc4 (30... Qxc4 $6 31. Bb3 Qc5 32. d6 $14) 31.
Bb3 Rfd8 {'=' Nogueiras.} (31... Rac8 32. d6 Bxb3 33. Qxb3 Qc6 34. e7+ Rf7 35.
Rd1 Qxg2+ 36. Ka1 Qxh2 37. d7 Qe5+ 38. Rd4 $18) (31... Rfe8 32. Qd4 (32. g4
Rad8 $15) 32... Qxd4+ 33. exd4 Bxb3 34. Kxb3 Rad8 35. Bc7 $1 $18 Rxd5 $140 36.
Kc4 {[%csl Rd5]}) 32. d6 b5 {'=' Nogueiras.} (32... Qb6 33. Qd4 Bxb3 34. Qxb6
axb6 35. Kxb3 $18) (32... Qb5 33. e7 Rd7 34. Qf1 Qxb3+ 35. axb3 Bxf1 36. Rxf1
Kf7 37. e4 Ke6 38. exf5+ gxf5 39. g4 $18) 33. Qd4 $1 $18 {'=/+' Nogueiras.} Qc6
(33... Qxd4+ 34. exd4 Bxb3 35. Kxb3 $18) 34. Rc1 Rac8 (34... Qxg2+ 35. Rc2 Qe4
36. Qxe4 fxe4 37. Bxc4 bxc4 38. Rxc4 $18) 35. e7 Rd7 36. Rxc4 1-0

[Event "Dortmund"]
[Site "Dortmund"]
[Date "1994.??.??"]
[Round "6"]
[White "Kortschnoj, Viktor Lvovich"]
[Black "Jussupow, Artur"]
[Result "1/2-1/2"]
[WhiteElo "2615"]
[BlackElo "2665"]
[Annotator "Jussupow,A"]
[PlyCount "96"]
[EventDate "1994.07.??"]
[EventType "tourn"]
[EventRounds "9"]
[EventCountry "GER"]
[EventCategory "16"]
[SourceTitle "CBM 042"]
[Source "ChessBase"]
[SourceDate "1994.10.01"]
[SourceVersion "1"]
[SourceVersionDate "1994.10.01"]
[SourceQuality "1"]

1. d4 d5 2. c4 c6 3. Nf3 Nf6 4. Nc3 e6 5. Bg5 Nbd7 6. cxd5 exd5 7. e3 Be7 8.
Bd3 O-O 9. Qc2 Re8 10. O-O-O Nf8 11. Bxf6 Bxf6 12. h3 Be6 13. Kb1 Rc8 14. g4 b5
$2 (14... c5 $1 15. Bb5 Nd7 16. Ne5 (16. dxc5 Rxc5 17. Nd4 a6 $132) 16... cxd4
$10) 15. Ne2 Qb6 16. Rc1 Be7 17. Nf4 c5 18. dxc5 Rxc5 19. Qe2 Rec8 (19... b4
20. Rxc5 Bxc5 21. Rc1 $16) 20. Rxc5 (20. Nxe6 $6 Nxe6 21. Bxb5 Rb8 $40) 20...
Rxc5 21. Nd4 b4 22. h4 a5 23. Qd1 $1 (23. h5 a4 $132) 23... Bf6 24. Bc2 $1 (24.
g5 Bxd4 $132) 24... Qc7 (24... Bxd4 $2 25. Qxd4 Bxg4 26. Nxd5 Qd6 27. Nf6+ $18)
25. Bb3 Qd6 (25... Bxd4 $6 26. Qxd4 Bxg4 27. Nxd5 Bf5+ 28. e4 Qa7 29. Qe3 $16 (
29. Bc2)) 26. Nh5 Bd8 27. f4 Bd7 28. Nf5 Bxf5+ 29. gxf5 d4 30. e4 $2 (30. Qd3
$5 $16 {/\e4}) (30. Ng3 $16 {Kortschnoj}) 30... d3 31. Rg1 g6 32. Bd5 (32.
Bxf7+ Kxf7 33. Qb3+ Ke7) 32... Rxd5 33. exd5 Qxd5 $17 34. fxg6 hxg6 35. Ng3
Bxh4 36. f5 d2 37. fxg6 Nxg6 38. Ne2 Qd3+ 39. Ka1 Bf6 (39... Kf8 $1 40. Rg2 (
40. Rg4 Bf2 41. Nf4 Nxf4 42. Rxf4 Qe3 $19) 40... Bf6 41. Ng1 Bxb2+ $19) 40. Rg3
Qd6 41. Kb1 a4 $2 (41... Be5 42. Re3) (41... Qd5 42. a3 Bg5 $17) (41... Bh4 42.
Rg4 (42. Rg1 Qd3+ 43. Ka1 Kf8 $19) 42... Qd3+ 43. Ka1 Bf2 $19 {/\Be3,a4-a3} 44.
Rg2 (44. Nf4 Qc4 $19) 44... Be3 45. Ng3 Qd5 46. Rh2 Bf4 $19) 42. Kc2 Qc5+ 43.
Kxd2 Qd5+ 44. Ke1 (44. Kc1 $2 Bxb2+ $19) (44. Kc2 Qxa2 $19) 44... Qxa2 45. Rg4
Qxb2 $2 (45... a3 $17) 46. Qxa4 Qb1+ 47. Qd1 Qb2 48. Kf1 b3 1/2-1/2

[Event "Candidates qf3"]
[Site "Brussels"]
[Date "1991.??.??"]
[Round "3"]
[White "Ivanchuk, Vassily"]
[Black "Jussupow, Artur"]
[Result "1-0"]
[WhiteElo "2735"]
[BlackElo "2625"]
[Annotator "Jussupow,A"]
[PlyCount "81"]
[EventDate "1991.08.??"]
[EventType "match"]
[EventRounds "8"]
[EventCountry "BEL"]
[SourceTitle "Candidates"]
[Source "ChessBase"]
[SourceDate "1999.07.01"]
[SourceVersion "2"]
[SourceVersionDate "1999.07.01"]
[SourceQuality "1"]

1. c4 {Ftacnik} e6 2. Nc3 d5 3. d4 Nf6 4. cxd5 exd5 5. Bg5 Be7 6. e3 O-O 7. Bd3
Nbd7 8. Nge2 Re8 9. O-O Nf8 10. Qc2 c6 11. f3 Nh5 $6 (11... Be6 {Ftacnik} 12.
Rae1 Rc8 13. Kh1 N6d7 14. Bxe7 Rxe7 15. Nf4 Rc7 16. Qf2 Nf6 17. e4 dxe4 18.
fxe4 $16 {Kasparov,G-Andersson,U/Belfort WCT/1988/ ->CBM 08}) 12. Bxe7 Qxe7 13.
e4 dxe4 14. fxe4 Bg4 (14... Be6 {Ftacnik} 15. Rf2 Nf6 (15... c5 16. Nd5 Bxd5
17. exd5 cxd4 18. Nxd4 $13) 16. h3 Rad8 17. Raf1 Ng6 $1 18. a3 Rf8 19. b4 {
Bareev-Ahlander/Naestved op/1988/} b6 $5 $132) 15. e5 $5 $14 {N} (15. Rf2 $5
Qg5 $6 (15... Ne6 $5 16. Raf1 Rf8) 16. Raf1 Re7 17. Bc4 Ne6 18. d5 $16 {
Vaiser,A-Mozny,M Clichy open (3) 1991}) 15... Rad8 (15... c5 $2 {Ftacnik} 16.
Nd5) 16. Ne4 Ng6 (16... Ne6 17. Nd6 Rxd6 (17... Bxe2 18. Bxh7+ $18) 18. exd6
Qxd6 19. Bxh7+ $16) 17. Rad1 $1 {><d4} (17. Nd6 Rxd6 18. exd6 Qxd6 $44) 17...
Rf8 {><f7} (17... Bxe2 {Ftacnik} 18. Bxe2 Nhf4 19. Bc4 $16) 18. h3 Bxe2 19.
Bxe2 Nhf4 20. Bc4 Kh8 $6 (20... Nd5 $142 $5 $14 21. Rf3 Ngf4 $22 22. Rdf1 Ne6
$132) 21. Rf3 f6 $5 (21... Nd5 22. Nd6 Rxd6 23. exd6 Qxd6 24. Re1 $16) 22. exf6
gxf6 23. Ng3 b5 $6 (23... f5 24. Nxf5 $2 (24. Qf2 Qd6 25. Kh1 {/\Rf1+/-}) 24...
Qg5 $40 25. Bd3 (25. Ng3 Nxh3+) (25. Ne3 Nh4) 25... Nxd3 26. Qxd3 Nf4 $17) (
23... Qb4 $5 24. a3 Qa5 {/\Qg5}) 24. Bf1 (24. Bb3 $5 $16) 24... c5 $1 25. Qf2
$1 Qc7 $2 (25... Ne6 $142 26. Nf5 Qb7 27. h4 $36) (25... cxd4 $2 {Ftacnik} 26.
Rxf4 Nxf4 27. Qxf4 Qe3+ 28. Qf2 $1 $18) 26. Rc1 $1 $18 {><c5} c4 27. b3 Rfe8
28. bxc4 bxc4 29. Rxc4 Qb8 30. h4 $6 (30. Rb3 $5 Qd6 31. Nf5 Qe6 32. Rc5 $18)
30... Nd5 31. Nh5 (31. Nf5 $1 {Ftacnik}) 31... Re4 32. g3 Nxh4 $1 $16 {Gute
Miene zum bösen Spiel machen.} (32... Rg8 {Ftacnik} 33. Kh1 Qb7 $132) 33. gxh4
Rg8+ 34. Kh1 Rgg4 $2 $138 (34... Qb1 35. Nf4 $1 (35. Nxf6 $4 Nxf6 36. Rxf6
Qxf1+ $3 37. Qxf1 Rxh4+ $19) (35. Rc5 $2 Ne3 $1 36. Rxe3 Rxh4+ $1 $19) 35...
Ne3 36. Rxe3 Rxe3 37. Ng2 $1 Rh3+ 38. Kg1 Qb6 $16) (34... Qb7 $22 {Ftacnik} 35.
Bg2 Qb1+ 36. Kh2 Qb8+) 35. Rc5 $1 $18 Rxh4+ 36. Rh3 Rxh3+ 37. Bxh3 Qb1+ 38. Qg1
Qxg1+ (38... Re1 {Ftacnik} 39. Rc8+) 39. Kxg1 Nb6 40. d5 Rh4 41. d6 {41...Rh3
42.d7+-} (41. d6 {Ftacnik} Rxh3 42. d7 Rd3 43. Rc8+) 1-0